| 000 | 00907cam a22002174a 4500 | ||
|---|---|---|---|
| 005 | 20250605164136.0 | ||
| 008 | 250528s ||||||||||||||||||||||||d | ||
| 035 | _a18775 | ||
| 020 | _a43381472 | ||
| 040 |
_aGR-AtMCL _bgre _dGR-AtMCL _eAACR2 |
||
| 245 | 1 | _aThe Structure of British Industry / Second Edition | |
| 250 | _a2nd | ||
| 260 | _c1988 | ||
| 300 | _a404 | ||
| 520 | _aAn invaluable source for any student requiring information on the industrial structure, behavior, performance and policy of U.K. industry. Preface, Agriculture, North Sea Oil and Gas, Coal, Steel, Pharmaceuticals, Synthetic Fibres, Information Technology, Motor Vehicles, Food Processing, Constructions, Retailing, Rail Transport, Domestic Air Transport, Insurance, Medical Care, Tourism, Index. | ||
| 700 | 1 |
_aJohnson Peter _93367 |
|
| 700 | 1 |
_aUnwin Hyman _9199 |
|
| 942 | _cBK | ||
| 999 |
_c4090 _d4090 |
||